| 000 | 00000nam 2200000za 4500 |
| 001 | 9.800489 |
| 003 | CaOODSP |
| 005 | 20250217143248 |
| 007 | cr ||||||||||| |
| 008 | 150506s2015 xxc|||||o f|0| 0 iku d |
| 020 | |a978-0-660-02199-7 |
| 040 | |aCaOODSP|beng |
| 043 | |an-cn--- |
| 086 | 1 |aEm20-27/2015Iku2-PDF|zEm20-27/2015S-PDF |
| 245 | 00|a[Family tax cut and benefits (Universal Child Care Benefit)] |h[electronic resource]. |
| 250 | |a[Inuktitut edition]. |
| 260 | |a[Ottawa] : |bEmployment and Social Development Canada, |cc2015. |
| 300 | |a1 p. |
| 500 | |aEnglish title supplied by the publisher. |
| 500 | |aIssued also in English under title: Family tax cut and benefits (Universal Child Care Benefit). |
| 546 | |aText in Inuktitut. |
| 690 | 07|aFamily allowances|2gcpds |
| 710 | 1 |aCanada.|bEmployment and Social Development Canada. |bStrategic Policy and Research Branch. |
| 775 | 08|tFamily tax cuts and benefits |w(CaOODSP)9.630052 |
| 792 | |t[Prestations et réduction des impôts pour les familles (la prestation universelle pour la garde d'enfants)] |efre|w(CaOODSP)9.800490 |
| 856 | 40|qPDF|s421 KB|uhttps://publications.gc.ca/collections/collection_2015/edsc-esdc/Em20-27-2015-S.pdf |